[Event "TUR-chT 2nd League"]
[Site "Konya"]
[Date "2018.07.19"]
[Round "5.2"]
[White "Kocer, Ahmet Doruk"]
[Black "Dalgar, Hakki Berat"]
[Result "0-1"]
[WhiteElo "1631"]
[BlackElo "2029"]
[PlyCount "96"]
[EventDate "2018.07.16"]
[EventType "team-swiss"]
[EventRounds "9"]
[EventCountry "TUR"]
[SourceTitle "EXT 2019"]
[Source "ChessBase"]
[SourceDate "2018.10.10"]
[SourceVersion "1"]
[SourceVersionDate "2018.10.10"]
[SourceQuality "1"]
[WhiteTeam "Pendik Dernegi"]
[BlackTeam "Olbia VE Spor"]
[WhiteTeamCountry "TUR"]
[BlackTeamCountry "TUR"]

1. e4 c6 2. d4 d5 3. Nc3 dxe4 4. Nxe4 Bf5 5. Ng3 Bg6 6. Nf3 Nd7 7. Bd3 e6 8. 0-0 Ngf6 9. b3 Bxd3 10. Qxd3 Be7 11. Bb2 0-0 12. Rfe1 Qc7 13. c4 Rfd8 14. Qc2 Bb4 15. Re2 a5 16. a3 Bf8 17. Rd1 g6 18. h3 Bg7 19. Ree1 b6 20. Ne5 Qb7 21. Bc3 b5 22. Nf1 b4 23. Bb2 Ne8 24. a4 f6 25. Nf3 Nf8 26. Ng3 Qf7 27. Ne4 Nd6 28. Nc5 Nb7 29. Qe4 Rac8 30. Nxb7 Qxb7 31. Re2 Re8 32. Ne1 Rcd8 33. Nd3 Rd6 34. Nc5 Qf7 35. Rde1 f5 36. Qe3 Red8 37. Qf3 g5 38. g4 Bxd4 39. Bxd4 Rxd4 40. Nxe6 Nxe6 41. Rxe6 fxg4 42. Qxf7+ Kxf7 43. Rxc6 gxh3 44. Rh6 Rg4+ 45. Kh2 Rg2+ 46. Kxh3 Rxf2 47. Rxh7+ Kg6 48. Ra7 Rd3+ 0-1

[Event "TUR-chT 2nd League"]
[Site "Konya"]
[Date "2018.07.17"]
[Round "2.10"]
[White "Kocer, Ahmet Doruk"]
[Black "Ozkeskin, Nazim Efe"]
[Result "0-1"]
[WhiteElo "1631"]
[BlackElo "1578"]
[PlyCount "78"]
[EventDate "2018.07.16"]
[EventType "team-swiss"]
[EventRounds "9"]
[EventCountry "TUR"]
[SourceTitle "EXT 2019"]
[Source "ChessBase"]
[SourceDate "2018.10.10"]
[SourceVersion "1"]
[SourceVersionDate "2018.10.10"]
[SourceQuality "1"]
[WhiteTeam "Pendik Dernegi"]
[BlackTeam "Cesme Belediye"]
[WhiteTeamCountry "TUR"]
[BlackTeamCountry "TUR"]

1. e4 c5 2. Nf3 d6 3. Bb5+ Bd7 4. Bxd7+ Qxd7 5. c4 Nf6 6. Nc3 e6 7. 0-0 Be7 8. d4 cxd4 9. Nxd4 0-0 10. Be3 Nc6 11. f3 Rac8 12. b3 Rfd8 13. Qd2 d5 14. cxd5 exd5 15. Nxd5 Nxd5 16. exd5 Nxd4 17. Qxd4 Bf6 18. Qxa7 Bxa1 19. Rxa1 Qxd5 20. Qb6 Rc6 21. Qb4 Re8 22. Bf2 Rc2 23. Rf1 h6 24. a3 Re6 25. a4 Rg6 26. Qe4 Qxb3 27. h3 Rc4 28. Qe2 Qxa4 29. Re1 Kh7 30. Qe7 Qb4 31. Qxf7 Rf4 32. Qd5 Qf8 33. Kh2 b5 34. Bg3 Rf5 35. Qe4 Rfg5 36. Bf4 Rxg2+ 37. Kh1 Qc8 38. Bh2 Qxh3 39. Qf4 Rxh2+ 0-1

[Event "TUR-chT 2nd League"]
[Site "Konya"]
[Date "2018.07.17"]
[Round "3.6"]
[White "Taban, Yagiz"]
[Black "Kocer, Ahmet Doruk"]
[Result "1/2-1/2"]
[WhiteElo "1618"]
[BlackElo "1631"]
[PlyCount "60"]
[EventDate "2018.07.16"]
[EventType "team-swiss"]
[EventRounds "9"]
[EventCountry "TUR"]
[SourceTitle "EXT 2019"]
[Source "ChessBase"]
[SourceDate "2018.10.10"]
[SourceVersion "1"]
[SourceVersionDate "2018.10.10"]
[SourceQuality "1"]
[WhiteTeam "Altin Hamle Corum"]
[BlackTeam "Pendik Dernegi"]
[WhiteTeamCountry "TUR"]
[BlackTeamCountry "TUR"]

1. d4 d5 2. Bf4 Nf6 3. Nf3 c5 4. e3 Nc6 5. c3 Qb6 6. Qb3 c4 7. Qxb6 axb6 8. h3 e6 9. Be2 b5 10. 0-0 Be7 11. Nbd2 0-0 12. a3 Nd7 13. Bc7 Nf6 14. Rab1 Bd7 15. Rfe1 Rac8 16. Bh2 Rfe8 17. Ne5 Nxe5 18. Bxe5 Bc6 19. Bxf6 Bxf6 20. f4 Bh4 21. Rf1 f5 22. Kh2 Bf6 23. Nf3 Rf8 24. Ne5 g6 25. g4 Bg7 26. Kg3 Rc7 27. g5 Rcc8 28. h4 Bxe5 29. dxe5 Ra8 30. Ra1 Kg7 1/2-1/2

[Event "TUR-ch U20"]
[Site "Canakkale"]
[Date "2016.07.02"]
[Round "8"]
[White "Kocer, Ahmet Doruk"]
[Black "Yarar, Muammer Atakan"]
[Result "1/2-1/2"]
[WhiteElo "1612"]
[BlackElo "1792"]
[PlyCount "109"]
[EventDate "2016.06.27"]
[EventType "swiss"]
[EventRounds "9"]
[EventCountry "TUR"]
[SourceTitle "CBM 173 Extra"]
[Source "ChessBase"]
[SourceDate "2016.08.29"]
[SourceVersion "1"]
[SourceVersionDate "2016.08.29"]
[SourceQuality "1"]

1. e4 c5 2. Nf3 Nc6 3. d4 cxd4 4. Nxd4 Nf6 5. Nc3 e5 6. Ndb5 d6 7. Bg5 a6 8. Na3 b5 9. Nd5 Be7 10. Bxf6 Bxf6 11. c3 Bg5 12. Nc2 0-0 13. Be2 Be6 14. 0-0 Ne7 15. c4 f5 16. cxb5 fxe4 17. Nxe7+ Qxe7 18. bxa6 d5 19. Bb5 d4 20. Bc6 Rxa6 21. Bxe4 Rxa2 22. Rxa2 Bxa2 23. Qd3 h6 24. b3 Qe6 25. Na1 Rb8 26. Qf3 Kh8 27. Bd5 Qa6 28. Bc4 Qa3 29. Qe2 Bf6 30. g3 Re8 31. f3 Bg5 32. f4 Bf6 33. fxe5 Rxe5 34. Qg4 Qa8 35. Bd3 Qe8 36. Qg6 Qxg6 37. Bxg6 Re3 38. Rc1 Rc3 39. Rxc3 dxc3 40. Bc2 Kg8 41. Kf2 Kf7 42. Ke3 Ke6 43. Bd3 Kd5 44. Bc4+ Kc5 45. Nc2 Bb1 46. Kd3 Be5 47. Bf7 Kd6 48. Bg6 Ke6 49. Ke3 Kf6 50. Bd3 Ba2 51. Bc4 Bb1 52. Bd3 Ba2 53. Bc4 Bb1 54. Bd3 Ba2 55. Bc4 1/2-1/2

[Event "EU-ch U10 25th"]
[Site "Porec"]
[Date "2015.09.23"]
[Round "3"]
[White "Pajcin, Lav"]
[Black "Kocer, Ahmet Doruk"]
[Result "1/2-1/2"]
[WhiteElo "1794"]
[BlackElo "1469"]
[PlyCount "65"]
[EventDate "2015.09.21"]
[EventType "swiss"]
[EventRounds "9"]
[EventCountry "CRO"]
[SourceTitle "EXT 2016"]
[Source "ChessBase"]
[SourceDate "2015.10.08"]
[SourceVersion "1"]
[SourceVersionDate "2015.10.08"]
[SourceQuality "1"]

1. e4 c5 2. Nf3 d6 3. d3 Nf6 4. c3 Bd7 5. Be2 Nc6 6. h3 g6 7. Be3 Bg7 8. Nbd2 Rc8 9. 0-0 0-0 10. d4 cxd4 11. Nxd4 a6 12. Rc1 d5 13. Nxc6 Bxc6 14. e5 Ne4 15. Nxe4 dxe4 16. Qxd8 Rfxd8 17. Bd4 Bh6 18. Rcd1 Bg7 19. f4 f5 20. Bb6 Rxd1 21. Rxd1 e6 22. c4 Bh6 23. g3 Kf7 24. h4 Bf8 25. c5 Bd5 26. b4 Be7 27. a3 Bd8 28. Bxd8 Rxd8 29. Kf2 Ke7 30. Ke3 h5 31. Rd4 Kd7 32. Rd2 Kc7 33. Rc2 1/2-1/2